Logo BPK

Biblioteka

Politechniki Koszalińskiej

SBS 2000 : (Rekord nr 45425)

Szczegóły MARC
000 -ETYKIETA REKORDU
podpole kontrolne o stałej długości 00999nam a2200277 i 4500
001 - NUMER KONTROLNY REKORDU
pole kontrolne bg
020 ## - MIĘDZYNARODOWY ZNORMALIZOWANY NUMER KSIĄŻKI - ISBN
ISBN 8372793875
040 ## - ŹRÓDŁO KATALOGOWANIA
Instytucja, która utworzyła rekord BPK
041 1# - KOD JĘZYKA
Kod języka tekstu pol
Kod języka oryginału eng
080 ## - UNIWERSALNA KLASYFIKACJA DZIESIĘTNA - UKD
UKD 004.42
920 ## - Międzynarodowy znormalizowany numer książki – ISBN
ISBN 83-7279-387-5
008 - POLE O STAŁEJ DŁUGOŚCI - DANE KONTROLNE
podpole kontrolne o stałej długości s pl f |000 0 pol
100 1# - NAZWA OSOBOWA
Nazwa osobowa Brelsford, Harry.
245 10 - TYTUŁ/ODPOWIEDZIALNOŚĆ
Tytuł SBS 2000 :
Ciąg dalszy tytułu najlepsze rozwiązania Small Business Server /
Pozostałe elementy strefy tytułu i oznaczenia odpowiedzialności Harry Brelsford ; przekł. z jęz. ang. Zbigniew Szalbot, Jarosław Jurgielewicz, Lech S. Borkowski.
246 ## - WARIANT TYTUŁU
Treść wyrażenia wprowadzającego Tyt. oryg.:
Tytuł Small Busisness Server 2000 best practice
260 ## - STREFA ADRESU WYDAWNICZEGO
Miejsce wydania Warszawa :
Nazwa wydawcy/dystrybutora "Mikom",
Data publikacji, dystrybucji/powstania dokumentu 2004.
300 ## - STREFA OPISU FIZYCZNEGO
Objętość 752 s. :
Inne cechy fizyczne il., fot., rys. ;
Rozmiary 24 cm.
500 ## - UWAGI OGÓLNE
Tekst uwagi Tyt. oryg.: ["Small Busisness Server 2000 best practice"] 2002.
504 ## - UWAGA DOTYCZĄCA BIBLIOGRAFII
Informacje o bibliografii Indeks.
650 #9 - HASŁO PRZEDMIOTOWE W FORMIE NAZWY OGÓLNEJ LUB JEDNOSTKOWEJ
Nazwa ogólna lub geograficzna Small Business Server
700 1# - HASŁO DODATKOWE - NAZWA OSOBOWA
Nazwa osobowa Szalbot, Zbigniew.
Określenie związku między hasłem a opisywanym materiałem Tł.
700 1# - HASŁO DODATKOWE - NAZWA OSOBOWA
Nazwa osobowa Jurgielewicz, Jarosław.
Określenie związku między hasłem a opisywanym materiałem Tł.
700 1# - HASŁO DODATKOWE - NAZWA OSOBOWA
Nazwa osobowa Borkowski, Lech S.
Określenie związku między hasłem a opisywanym materiałem Tł.
856 ## - LOKALIZACJA I DOSTĘP DO ELEKTRONICZNYCH DOKUMENTÓW ZDALNYCH
Link (URL) http://koha.tu.koszalin.pl/cgi-bin/koha/opac-detail.pl?biblionumber=45425
Tekst linku Katalog online BPK
942 ## - DODATKOWE ELEMENTY (KOHA)
Typ dokumentu Książka
Egzemplarze
Wycofany Status egzemplarza Uszkodzony Dostępność Lokalizacja stała Lokalizacja bieżąca Miejsce przechowywania Sygnatura Kod kreskowy Typ dokumentu
      Dostępny Biblioteka Politechniki Koszalińskiej Biblioteka Politechniki Koszalińskiej Wypożyczalnia BG 74152 02249902 Książka
      Dostępny Biblioteka Politechniki Koszalińskiej Biblioteka Politechniki Koszalińskiej Wypożyczalnia BG 74153 02249896 Książka
© 2023 Biblioteka Politechniki Koszalińskiej :: KOHA